00195nam a2200085Ia 4500008004100000041000800041100001500049245003500064650001000099230605s9999 xx 000 0 und d aeng aCostantino aThe Hand book of Energy Drinks aF. B.